000 00202nam a2200085Ia 4500
008 120527s9999 xx 000 0 und d
100 _aKUTZ, Myer
245 _aHandbook of materials selection
942 _cBK
999 _c25218
_d25218